Sesenta años maravillosos y terribles : 1940-2000 /

Guardat en:
Dades bibliogràfiques
Autor principal: Martínez Réding, Fernando (coordinación)
Format: Llibre
Idioma:espanyol
Publicat: Guadalajara, México : Diálogo, 2005, c2005
Etiquetes: Afegir etiqueta
Sense etiquetes, Sigues el primer a etiquetar aquest registre!

MARC

LEADER 00000nam^a2200000^a^4500
001 000629984
005 20260407000000.0
009 20260408133321.031
020 |a 968-5557-74-8 
037 |a Acervo ITESO - Biblioteca 
041 |a ESP 
091 |a FOB. 04394 
100 |a Martínez Réding, Fernando  |e (coordinación) 
245 1 0 |a Sesenta años maravillosos y terribles :  |b 1940-2000 / 
264 4 |a Guadalajara, México :  |b Diálogo,  |c 2005, c2005 
300 |a 157 p. 
336 |a texto  |b txt  |2 rdacontenido 
337 |a sin mediación  |b n  |2 rdamedio 
338 |a volumen  |b nc  |2 rdasoporte 
649 |a XX 
910 |a Fondo Carlos de Obeso Orendain 
920 |a Impresos - Libros 
930 |a Fondos Especiales 
905 |a 147 
901 |a 629984-10  |b IT2  |c ESP  |i D  |u 20260407 
902 |a https://opac.biblio.iteso.mx/vufind/Record/000629984